00397nam a2200109Ia 4500008004100000082002100041100001600062245004000078260003800118300000800156650012300164211119s9999||||xx |||||||||||||| ||und|| a894.812 1bGIR-P aGirija, V M 0aPennungal Kanaatha Pathira Nerangal bMathrubhumi BooksaKottayamc2011 a72p aLiterature & rhetoricv Literatures of other languagesAltaic, Uralic, Hyperborean & Dravidian MalayalamxGeneral Stack